00423nam a22001572 4500001001100000005001700011008004100028020001700069040001500086050002100101100003100122245004200153260002900195300001800224650002300242000000421620151217145759.0070521s xx 000 0 eng d a8183330053 : aKABUcKABU 0aQA76.76b.O63J361 aJang, Michael.@000015466510aMastering Red Hat enterprise Linux 3. aNew Delhi :bBPB,c2005. axxxii, 942 p. 0aLinux.@0000148390